[Event "Yeaaaah - it's a Ballroom Blitz!!! :-) (no.3)"]
[Site "SchemingMind.com"]
[Date "2013.11.30"]
[Round "-"]
[White "Kenny Elliott"]
[Black "Erik Johnson"]
[Result "0-1"]
[WhiteCountry "USA"]
[BlackCountry "USA"]
[WhiteElo "1343"]
[WhiteRD "108"]
[BlackElo "1644"]
[BlackRD "70"]
[GameID "342580"]

1. d4 Nf6 2. Nc3 g6 3. Bg5 Bg7 4. e4 O-O 5. Nf3 d6 6. Bc4 a6 7. Bxf6 Bxf6 8. O-O b5 9. Bb3 Bb7 10. Re1 c5
11. dxc5 dxc5 12. Bd5 Ra7 13. e5 Bg7 14. Bxb7 Rxb7 15. Ne4 Rd7 16. Qe2 Nc6 17. Nxc5 Ra7 18. Rad1 Qc8 19. e6 fxe6 20. Nxe6 Rf6
21. Nxg7 Kxg7 22. Ne5 Re6 23. Qg4 Rc7 24. Nxc6 Rxe1+ 25. Rxe1 Qxg4 26. Nxe7 Rxc2
0-1

[Event "Yeaaaah - it's a Ballroom Blitz!!! :-) (no.3)"]
[Site "SchemingMind.com"]
[Date "2013.11.25"]
[Round "-"]
[White "emvarela"]
[Black "NYNH"]
[Result "0-1"]
[WhiteCountry "ARG"]
[BlackCountry "USA"]
[WhiteElo "1683"]
[WhiteRD "48"]
[BlackElo "1993"]
[BlackRD "71"]
[GameID "342581"]

1. e4 c5 2. Nf3 d6 3. d4 cxd4 4. Nxd4 Nf6 5. Nc3 g6 6. Be3 Bg7 7. f3 Nc6 8. Qd2 Bd7 9. Nxc6 bxc6 10. Bd3 a5
11. O-O-O a4 12. a3 h5 13. h3 h4 14. Bg5 Qb6 15. Be3 c5 16. Bc4 Rb8 17. b3 axb3 18. cxb3 Ra8 19. Kb2 Qa5 20. Ra1 O-O
21. Bh6 Rfb8 22. Bxg7 Kxg7 23. Nb1 Qb6 24. Qc3 Kg8 25. e5 Ne8 26. Nd2 e6 27. exd6 Nxd6 28. Ne4 Nxe4 29. fxe4 Ra7 30. Ra2 Bc6
31. Re1 Rab7 32. Re3 Qc7 33. Kc2 Qf4 34. Qd3 Rd7 35. Qe2 Rbd8 36. Kc3 Rd4 37. Qf2 Rxe4 38. Qxf4 Rxf4 39. a4 Rd1 40. a5 Rc1+
41. Kd2 Rg1 42. Kd3 Rd4+ 43. Kc3 Be4 44. a6 Rc1+ 45. Kb2 Rc2+ 46. Ka3 Rxa2+ 47. Kxa2 Bxg2 48. Ka3 Kf8 49. Ka4 Ke7 50. Rd3 Kd6
51. a7 Kc7 52. Rxd4 cxd4 53. Ka5 Kb7
0-1

[Event "Yeaaaah - it's a Ballroom Blitz!!! :-) (no.3)"]
[Site "SchemingMind.com"]
[Date "2013.11.30"]
[Round "-"]
[White "Erik Johnson"]
[Black "Kenny Elliott"]
[Result "1-0"]
[WhiteCountry "USA"]
[BlackCountry "USA"]
[WhiteElo "1644"]
[WhiteRD "70"]
[BlackElo "1343"]
[BlackRD "108"]
[GameID "342588"]

1. e4 c5 2. Nf3 d6 3. Bb5+ Bd7 4. Bxd7+ Nxd7 5. d4 cxd4 6. Qxd4 e5 7. Qd5 Qb6 8. O-O Ngf6 9. Qd3 Nc5 10. Qe3 O-O-O
11. b3 g6 12. Bb2 Bg7 13. Nbd2 Rhe8 14. Nc4 Qc7 15. Rad1 Ncxe4 16. Ncd2 Nxd2 17. Rxd2 Kb8 18. Re1 Ng4 19. Qe4 h5 20. h3 Bh6
21. Rdd1 f5 22. Qe2 Nf6 23. Nh4 Rg8 24. c4 Bg5 25. Nf3 Bh6 26. g3 g5 27. Nd2 g4 28. h4
1-0

[Event "Yeaaaah - it's a Ballroom Blitz!!! :-) (no.3)"]
[Site "SchemingMind.com"]
[Date "2013.11.25"]
[Round "-"]
[White "NYNH"]
[Black "emvarela"]
[Result "1-0"]
[WhiteCountry "USA"]
[BlackCountry "ARG"]
[WhiteElo "1959"]
[WhiteRD "73"]
[BlackElo "1720"]
[BlackRD "50"]
[GameID "342589"]

1. d4 Nf6 2. c4 e6 3. g3 c5 4. d5 exd5 5. cxd5 d6 6. Nc3 g6 7. Bg2 Bg7 8. Nf3 O-O 9. O-O Re8 10. Nd2 a6
11. a4 Nbd7 12. h3 Nb6 13. a5 Nfxd5 14. Nxd5 Nxd5 15. Bxd5 Bxh3 16. Re1 Qc7 17. Nf3 Be6 18. Qb3 Bxd5 19. Qxd5 Re6 20. Bf4 Bxb2
21. Rab1 Bc3 22. Rec1 Qxa5 23. Rxb7 Rae8 24. Ng5
1-0

[Event "Yeaaaah - it's a Ballroom Blitz!!! :-) (no.3)"]
[Site "SchemingMind.com"]
[Date "2013.12.02"]
[Round "-"]
[White "Pol MacGilla tSamhais"]
[Black "Chessibelle"]
[Result "0-1"]
[WhiteCountry "IRL"]
[BlackCountry "ENG"]
[WhiteElo "1209"]
[WhiteRD "72"]
[BlackElo "1140"]
[BlackRD "55"]
[GameID "342955"]

1. e4 e5 2. Nf3 Nc6 3. Bb5 Nf6 4. O-O d6 5. Nc3 Bd7 6. b3 a6 7. Bxc6 Bxc6 8. Bb2 Be7 9. Qe1 O-O 10. Qe3 Bd7
11. d4 c5 12. dxe5 dxe5 13. Nxe5 Be6 14. Rfd1 Qc7 15. g3 Qxe5 16. Na4 Qc7 17. Ba3 b6 18. e5 Qb7 19. exf6 Bxf6 20. Rd2 Bxa1
0-1

[Event "Yeaaaah - it's a Ballroom Blitz!!! :-) (no.3)"]
[Site "SchemingMind.com"]
[Date "2013.12.02"]
[Round "-"]
[White "Chessibelle"]
[Black "Pol MacGilla tSamhais"]
[Result "1-0"]
[WhiteCountry "ENG"]
[BlackCountry "IRL"]
[WhiteElo "1140"]
[WhiteRD "55"]
[BlackElo "1209"]
[BlackRD "72"]
[GameID "342956"]

1. Nf3 d5 2. d4 Nf6 3. e3 e6 4. Nc3 c5 5. Bb5+ Bd7 6. Bd3 g6 7. O-O c4 8. Be2 Bg7 9. Bd2 Ng4 10. g3 Nc6
11. e4 Nf6 12. e5 Ng4 13. Nh4 Nxd4 14. Bxg4 h5 15. Bh3 Bxe5 16. Nf3 Rc8 17. Nxe5 Qc7 18. Re1 f6 19. Nxg6 Rg8 20. Nf4 Kf7
21. Qxh5+
1-0

[Event "Yeaaaah - it's a Ballroom Blitz!!! :-) (no.3)"]
[Site "SchemingMind.com"]
[Date "2013.12.03"]
[Round "-"]
[White "Holty"]
[Black "ray winteringham"]
[Result "1-0"]
[WhiteCountry "ENG"]
[BlackCountry "ENG"]
[WhiteElo "1648"]
[WhiteRD "59"]
[BlackElo "1445"]
[BlackRD "55"]
[GameID "343010"]

1. d4 e6 2. Nf3 Bb4+ 3. c3 Ba5 4. e3 d5 5. b4 Bb6 6. Bd3 Nf6 7. Nbd2 O-O 8. O-O Bd7 9. e4 dxe4 10. Nxe4 Nd5
11. Qc2 f5 12. Ng3 Nc6 13. a3 a6 14. Re1 Nce7 15. Ne5 Rc8 16. c4 Bxd4 17. Rb1 g6 18. Bh6 Re8 19. cxd5 Nxd5 20. Rbc1 Qh4
21. Qd2 Bc3 22. Rxc3 f4 23. Bxf4 Nxc3 24. Bg5 Qd4 25. Nxd7
1-0

[Event "Yeaaaah - it's a Ballroom Blitz!!! :-) (no.3)"]
[Site "SchemingMind.com"]
[Date "2013.12.03"]
[Round "-"]
[White "ray winteringham"]
[Black "Holty"]
[Result "0-1"]
[WhiteCountry "ENG"]
[BlackCountry "ENG"]
[WhiteElo "1445"]
[WhiteRD "55"]
[BlackElo "1648"]
[BlackRD "59"]
[GameID "343014"]

1. e4 e6 2. d4 d5 3. Nc3 Nf6 4. e5 Nfd7 5. Nf3 c5 6. Be3 a6 7. Bd3 Nc6 8. O-O b5 9. Qd2 cxd4 10. Nxd4 Ndxe5
11. Nce2 Bb7 12. a3 Bd6 13. c3 Qc7 14. h3 O-O-O 15. b4 Qe7 16. Ra2 Nc4 17. Bxc4 dxc4 18. Qc2 h6 19. Rfa1 g6 20. Nxc6 Bxc6
21. Bb6 Rd7 22. Re1 Rb7 23. Ba5 Qg5 24. g3 Qd5 25. f3 Qxf3 26. Nf4 Qxg3+ 27. Ng2 Bxg2
0-1

[Event "Yeaaaah - it's a Ballroom Blitz!!! :-) (no.3)"]
[Site "SchemingMind.com"]
[Date "2013.12.06"]
[Round "-"]
[White "Phillip Beckett"]
[Black "mmccaffe"]
[Result "0-1"]
[WhiteCountry "ENG"]
[BlackCountry "USA"]
[WhiteElo "1579"]
[WhiteRD "50"]
[BlackElo "1561"]
[BlackRD "97"]
[GameID "343286"]

1. e4 c5 2. Nf3 d6 3. d4 cxd4 4. Nxd4 Nf6 5. Nc3 a6 6. Bg5 e6 7. f4 Be7 8. Qf3 Nbd7 9. O-O-O Qc7 10. g4 b5
11. a3 Bb7 12. Bd3 Rc8 13. Bxf6 Nxf6 14. g5 Nd7 15. Rhe1 Nb6 16. Nd5 Nxd5 17. exd5 Bxd5 18. Qe2 Bc4 19. f5 e5 20. f6 gxf6
21. gxf6 Bxf6 22. Nf5 Bxd3 23. Rxd3 Be7 24. Nxe7 Kxe7 25. Qg4 Qxc2#
0-1

[Event "Yeaaaah - it's a Ballroom Blitz!!! :-) (no.3)"]
[Site "SchemingMind.com"]
[Date "2013.12.06"]
[Round "-"]
[White "mmccaffe"]
[Black "Phillip Beckett"]
[Result "1-0"]
[WhiteCountry "USA"]
[BlackCountry "ENG"]
[WhiteElo "1561"]
[WhiteRD "97"]
[BlackElo "1579"]
[BlackRD "50"]
[GameID "343288"]

1. e4 e5 2. Nf3 Nc6 3. Bb5 a6 4. Ba4 Nf6 5. O-O Be7 6. Re1 b5 7. Bb3 O-O 8. a4 b4 9. d3 d6 10. h3 Bb7
11. Nbd2 Na5 12. Bc4 Nxc4 13. Nxc4 a5 14. b3 Nd7 15. Rf1 Nb6 16. Ne3 c5 17. Nf5 Bf6 18. Nh2 g6 19. Nh6+ Kh8 20. f4 exf4
21. Bxf4 Bxa1 22. Qxa1+ f6 23. Bg5 Kg7 24. N6g4 Nd7 25. Bh6+ Kg8 26. Bxf8 Qxf8 27. Nxf6+ Nxf6 28. Qxf6 Qxf6 29. Rxf6 Rd8 30. Kf2 Kg7
31. Rf4 Rf8 32. Rxf8 Kxf8 33. Ng4 Kf7 34. Ne3 Ke6 35. Nc4 d5 36. exd5+ Bxd5 37. Nxa5 h5 38. h4 Ke5 39. Nc4+ Bxc4 40. dxc4 Kd4
41. a5
1-0

[Event "Yeaaaah - it's a Ballroom Blitz!!! :-) (no.3)"]
[Site "SchemingMind.com"]
[Date "2013.12.08"]
[Round "-"]
[White "private napoleon"]
[Black "lemme howdt"]
[Result "0-1"]
[WhiteCountry "ENG"]
[BlackCountry "USA"]
[WhiteElo "1722"]
[WhiteRD "70"]
[BlackElo "1693"]
[BlackRD "71"]
[GameID "343364"]

1. e4 e5 2. Nc3 Nc6 3. f4 exf4 4. Nf3 Bc5 5. d4 Bb4 6. Bxf4 d6 7. Bc4 Bg4 8. O-O Qf6 9. Nd5 Qxd4+ 10. Qxd4 Nxd4
11. Nxc7+ Kd7
0-1

[Event "Yeaaaah - it's a Ballroom Blitz!!! :-) (no.3)"]
[Site "SchemingMind.com"]
[Date "2013.12.08"]
[Round "-"]
[White "lemme howdt"]
[Black "private napoleon"]
[Result "1-0"]
[WhiteCountry "USA"]
[BlackCountry "ENG"]
[WhiteElo "1693"]
[WhiteRD "71"]
[BlackElo "1722"]
[BlackRD "70"]
[GameID "343368"]

1. e4 c5 2. Nf3 d6 3. Bc4 e6 4. Nc3 Nf6 5. O-O g6 6. b3 Bg7 7. Bb2 O-O 8. h3 Nc6 9. Bb5 a6 10. Bxc6 bxc6
11. d3 d5 12. e5 Nd7 13. Ne2 Qc7 14. d4 cxd4 15. Bxd4
1-0

[Event "Yeaaaah - it's a Ballroom Blitz!!! :-) (no.3)"]
[Site "SchemingMind.com"]
[Date "2013.12.08"]
[Round "-"]
[White "Simon Green"]
[Black "wight knight"]
[Result "1-0"]
[WhiteCountry "ENG"]
[BlackCountry "ENG"]
[WhiteElo "1625"]
[WhiteRD "57"]
[BlackElo "1382"]
[BlackRD "55"]
[GameID "343397"]

1. d4 Nc6 2. e3 Nf6 3. Bd3 d5 4. f4 e6 5. Nf3 h6 6. O-O g5 7. Ne5 Ne7 8. Nd2 Bg7 9. Qe1 O-O 10. Qg3 Nf5
11. Bxf5 exf5 12. fxg5 Ne4 13. Nxe4 dxe4 14. gxh6 Qf6 15. hxg7 Qxg7 16. Qxg7+ Kxg7 17. Bd2 f6 18. Nc4 Be6 19. b3 b5 20. Bb4 Rh8
21. Nd2 Rh5 22. Rf4 Rah8 23. h3 Ra8 24. c4 bxc4 25. bxc4 a5 26. Bc3 a4 27. d5 Bd7 28. Rb1 c6 29. Rb6 cxd5 30. cxd5 a3
31. Bxf6+ Kf7 32. Be5 Ra5 33. Rf6+ Ke7 34. Nc4 Rxd5 35. Rg6 Bb5 36. Nxa3 Bc4 37. Nxc4 Rd1+ 38. Kh2 Rc1 39. Bd6+ Kf7 40. Ne5+ Ke8
41. Rg8#
1-0

[Event "Yeaaaah - it's a Ballroom Blitz!!! :-) (no.3)"]
[Site "SchemingMind.com"]
[Date "2013.12.08"]
[Round "-"]
[White "wight knight"]
[Black "Simon Green"]
[Result "0-1"]
[WhiteCountry "ENG"]
[BlackCountry "ENG"]
[WhiteElo "1382"]
[WhiteRD "55"]
[BlackElo "1625"]
[BlackRD "57"]
[GameID "343398"]

1. e4 e6 2. Bc4 d5 3. Bd3 Nf6 4. f3 c5 5. Bb5+ Nc6 6. Bxc6+ bxc6 7. d3 Ba6 8. Bg5 Be7 9. Bxf6 Bxf6 10. Nc3 Qa5
11. Ne2 d4 12. O-O dxc3 13. bxc3 Bxc3 14. Nxc3 Qxc3 15. Rb1 O-O 16. Rb3 Qd4+ 17. Kh1 Rfd8 18. c3 Qxd3 19. Qxd3 Bxd3 20. h4 Bxf1
21. Rb1 Bc4 22. a4 a5 23. e5 Rab8 24. Rg1 Rb3 25. f4 Rd3 26. h5 Bd5 27. c4 Rh3#
0-1

[Event "Yeaaaah - it's a Ballroom Blitz!!! :-) (no.3)"]
[Site "SchemingMind.com"]
[Date "2013.12.09"]
[Round "-"]
[White "poisonpawn1"]
[Black "mespina"]
[Result "1/2-1/2"]
[WhiteCountry "ENG"]
[BlackCountry "ESP"]
[WhiteElo "1413"]
[WhiteRD "79"]
[BlackElo "2056"]
[BlackRD "92"]
[GameID "343426"]

1. d4 Nf6 2. Nf3 g6 3. Nc3 Bg7 4. e4 d6 5. Be2 O-O 6. O-O Bg4 7. h3 Bxf3 8. Bxf3 Nbd7 9. e5 dxe5 10. Bxb7 Rb8
11. Bc6 e6 12. d5 exd5 13. Nxd5 Nb6 14. Nc3 Qe7 15. Qf3 Rfd8 16. Bg5 h6 17. Bxf6 Qxf6 18. Qxf6 Bxf6 19. Rad1 Nc4 20. b3 Na5
21. Bf3 Bg5 22. Rxd8+ Rxd8 23. Re1 Rd2 24. Rxe5 Rxc2 25. Rxa5 Rxc3 26. Rxa7 Rc1+ 27. Kh2 Rc2 28. Kg3 Be7 29. Bd5 Bc5 30. Ra8+ Kg7
31. f4 Rc3+ 32. Bf3 Bd6 33. Ra5 f5 34. h4 Kf6 35. Ra6 Rc2=
1/2-1/2

[Event "Yeaaaah - it's a Ballroom Blitz!!! :-) (no.3)"]
[Site "SchemingMind.com"]
[Date "2013.12.09"]
[Round "-"]
[White "mespina"]
[Black "poisonpawn1"]
[Result "1-0"]
[WhiteCountry "ESP"]
[BlackCountry "ENG"]
[WhiteElo "2081"]
[WhiteRD "82"]
[BlackElo "1584"]
[BlackRD "78"]
[GameID "343430"]

1. e4 e5 2. Nf3 Nc6 3. Bc4 Nf6 4. Ng5 d5 5. exd5 Na5 6. Bb5+ c6 7. dxc6 bxc6 8. Qf3 Qd5 9. Qxd5 Nxd5 10. Ba4 f6
11. Ne4 Nf4 12. g3 Nd5 13. Nbc3 Nb6 14. d3 f5 15. Ng5 h6 16. Nf3 Nxa4 17. Nxa4 Bd6 18. Bd2 Nb7 19. Bc3 e4 20. dxe4 fxe4
21. Nd2 O-O 22. Nxe4 Re8 23. f3 Bf5 24. O-O-O Bxe4 25. fxe4 Rxe4 26. b3 Re2 27. Rd2 Rxd2 28. Kxd2 Ba3 29. Nb2 Nc5 30. Re1 Rd8+
31. Kc1 Kf7 32. Kb1 Bxb2 33. Kxb2 Ne6 34. Re4 Rd7 35. Ra4 c5 36. Ra5 Rb7 37. Be5 Kg6 38. Kc3 Ng5 39. Kc4 Nf3 40. Bd6 Rd7
41. Bxc5 Rd2 42. c3 Rxh2 43. Rxa7 Rg2 44. b4 Rxg3 45. b5 Ne5+ 46. Kd5 Rg5 47. Be7 Rf5 48. Ke4 Rh5 49. b6 Nc6 50. Rc7 Re5+
51. Kd3 Nb8 52. b7 Kf5 53. Bf8 Rd5+ 54. Kc4 Ra5 55. Bb4 Ra7 56. Rxg7 Kf6 57. Rh7 Kg6 58. Re7 Kf6 59. a4 Rxa4 60. Re8 Na6
61. Ra8 Kf5 62. Kb5 Ra2 63. Rxa6 Rxa6 64. Kxa6 h5 65. b8=Q
1-0

[Event "Yeaaaah - it's a Ballroom Blitz!!! :-) (no.3)"]
[Site "SchemingMind.com"]
[Date "2013.12.15"]
[Round "-"]
[White "white bishop"]
[Black "Daryl Fouard"]
[Result "1-0"]
[WhiteCountry "PHI"]
[BlackCountry "USA"]
[WhiteElo "2241"]
[WhiteRD "81"]
[BlackElo "1679"]
[BlackRD "72"]
[GameID "343481"]

1. e4 c5 2. Nf3 g6 3. c3 Bg7 4. d4 d5 5. dxc5 dxe4 6. Qxd8+ Kxd8 7. Nd4 Nc6 8. Nxc6+ bxc6 9. Nd2 Nf6 10. Bc4 Nd5
11. Nxe4 f5 12. Ng5 Ke8 13. Bd2 Bf6 14. O-O-O a5 15. Rhe1 Ba6 16. Bb3 Bd3 17. Bxd5 cxd5 18. Ne6 Rc8 19. Bf4 Bb5 20. Nc7+
1-0

[Event "Yeaaaah - it's a Ballroom Blitz!!! :-) (no.3)"]
[Site "SchemingMind.com"]
[Date "2013.12.14"]
[Round "-"]
[White "Daryl Fouard"]
[Black "white bishop"]
[Result "0-1"]
[WhiteCountry "USA"]
[BlackCountry "PHI"]
[WhiteElo "1679"]
[WhiteRD "72"]
[BlackElo "2241"]
[BlackRD "81"]
[GameID "343484"]

1. e4 d6 2. d4 Nf6 3. Nc3 e5 4. Nf3 exd4 5. Nxd4 Be7 6. Bf4 O-O 7. Qd2 Nc6 8. O-O-O Nxd4 9. Qxd4 Be6 10. f3 Nd7
11. Qe3 h6 12. Bd3 Re8 13. e5 dxe5 14. Bxh6 gxh6 15. Qxh6 Bg5+
0-1

[Event "Yeaaaah - it's a Ballroom Blitz!!! :-) (no.3)"]
[Site "SchemingMind.com"]
[Date "2013.12.11"]
[Round "-"]
[White "GBEDARD"]
[Black "kenneth m day"]
[Result "1-0"]
[WhiteCountry "USA"]
[BlackCountry "USA"]
[WhiteElo "2160"]
[WhiteRD "75"]
[BlackElo "1785"]
[BlackRD "53"]
[GameID "343524"]

1. e4 e5 2. Nf3 Nc6 3. Bb5 f5 4. Nc3 fxe4 5. Nxe4 Nf6 6. Qe2 d5 7. Nxf6+ gxf6 8. d4 Bg7 9. dxe5 O-O 10. Bxc6 bxc6
11. e6 Re8 12. O-O Rxe6 13. Qd3 a5 14. Nd4 Rd6 15. Re1 Ba6 16. Qg3 Qf8 17. Bh6 Kh8 18. Ne6 Rxe6 19. Bxg7+ Qxg7 20. Qxg7+ Kxg7
21. Rxe6 Rd8 22. Rxc6 Bb5 23. Rxc7+ Kg6 24. Rc5 Bc4 25. Rd1
1-0

[Event "Yeaaaah - it's a Ballroom Blitz!!! :-) (no.3)"]
[Site "SchemingMind.com"]
[Date "2013.12.11"]
[Round "-"]
[White "kenneth m day"]
[Black "GBEDARD"]
[Result "0-1"]
[WhiteCountry "USA"]
[BlackCountry "USA"]
[WhiteElo "1785"]
[WhiteRD "53"]
[BlackElo "2160"]
[BlackRD "75"]
[GameID "343529"]

1. e4 d6 2. d4 Nf6 3. Nc3 g6 4. f4 Bg7 5. Nf3 O-O 6. Bd3 Nc6 7. e5 dxe5 8. fxe5 Nh5 9. Be3 Bg4 10. Be2 f6
11. Qd2 fxe5 12. dxe5 Qxd2+ 13. Nxd2 Bxe2 14. Nxe2 Nxe5 15. O-O-O Ng4 16. Bc5 Nf2 17. Bxf2 Rxf2 18. Nc3 Bh6 19. Ne4 Rxg2 20. h3 Rd8
21. c3 Nf6 22. Nxf6+ exf6
0-1

[Event "Yeaaaah - it's a Ballroom Blitz!!! :-) (no.3)"]
[Site "SchemingMind.com"]
[Date "2013.12.13"]
[Round "-"]
[White "szn1"]
[Black "SAMAEL"]
[Result "1-0"]
[WhiteCountry "NED"]
[BlackCountry "CAN"]
[WhiteElo "1789"]
[WhiteRD "102"]
[BlackElo "1737"]
[BlackRD "65"]
[GameID "343590"]

1. e4 e5 2. Nf3 d6 3. d4 exd4 4. Nxd4 Nf6 5. Nc3 Bd7 6. Bc4 Be7 7. O-O O-O 8. f3 Nc6 9. Be3 Re8 10. a3 a6
11. Qd2 Nxd4 12. Bxd4 Be6 13. Be2 Rc8 14. Be3 h6 15. Nd5 Nxd5 16. exd5 Bd7 17. c4 c5 18. dxc6 Bxc6 19. b4 Bd7 20. Rac1 Bf5
21. g4 Bg6 22. Bd3 Bxd3 23. Qxd3 Qd7 24. Kg2 Qe6 25. Rfe1 Qd7 26. Qd5 Bf8 27. h4 Kh8 28. Bf4 Rxe1 29. Rxe1 Rd8 30. Rd1 Qe6
31. Kg3 Qxd5 32. Rxd5 Be7 33. Be3 Re8 34. Bb6 Rc8 35. c5 Rc6 36. a4 dxc5 37. bxc5 Kg8 38. a5 f6 39. Rd7 Bxc5 40. Rxb7 Bd6+
41. Kf2 Rc2+ 42. Ke3 h5 43. Ra7 Bb4 44. Rxa6 hxg4 45. Ra8+ Kh7 46. fxg4 Bc5+ 47. Bxc5 Rxc5 48. Kd4 Rc7 49. a6 Kg6 50. a7 Rb7
51. Kc5 Re7 52. Kd6 Re4 53. Rh8
1-0

[Event "Yeaaaah - it's a Ballroom Blitz!!! :-) (no.3)"]
[Site "SchemingMind.com"]
[Date "2013.12.12"]
[Round "-"]
[White "SAMAEL"]
[Black "szn1"]
[Result "1/2-1/2"]
[WhiteCountry "CAN"]
[BlackCountry "NED"]
[WhiteElo "1737"]
[WhiteRD "65"]
[BlackElo "1789"]
[BlackRD "102"]
[GameID "343598"]

1. e4 c5 2. Nf3 Nc6 3. Nc3 e6 4. Be2 a6 5. a3 Nf6 6. d3 Qc7 7. O-O g6 8. h3 Bg7 9. Bd2 b5 10. Na2 O-O
11. Nh2 Bb7 12. f3 Nh5 13. c3 Ng3 14. Re1 Nxe2+ 15. Qxe2 f5 16. Rad1 Be5 17. Nf1 f4 18. b4 cxb4 19. axb4 Bf6 20. Nh2 Bh4
21. Rf1 e5 22. Be1 Bxe1 23. Qxe1 h5 24. Rf2 a5 25. Rb2 axb4 26. Nxb4 Nxb4 27. Rxb4 Qb6+ 28. Qf2 Qxf2+ 29. Kxf2 Ra2+ 30. Kg1 Bc6
31. Nf1 Rc2 32. c4 bxc4 33. Rxc4 Rb2 34. Rdc1 Ra8 35. R4c2 Rxc2 36. Rxc2 Ra1 37. Kf2 Kf7 38. Nd2 Kf6 39. Rb2 Rc1 40. Ke2 d5
41. Nb3 Rc3 42. Kd2 d4 43. Nc1 Kg5 44. Kd1 Ba4+ 45. Kd2 Kh4 46. Na2 Rb3 47. Rxb3 Bxb3 48. Nc1 Be6 49. Ne2 g5 50. Ke1 g4
51. hxg4 hxg4 52. Kf2 gxf3 53. gxf3 Bb3 54. Nc1 Bc2 55. Kg2 Kg5 56. Kf2 Kf6 57. Ke2 Ke6 58. Kd2 Ba4=
1/2-1/2

[Event "Yeaaaah - it's a Ballroom Blitz!!! :-) (no.3)"]
[Site "SchemingMind.com"]
[Date "2013.12.13"]
[Round "-"]
[White "APB"]
[Black "alexyongpohweng"]
[Result "1-0"]
[WhiteCountry "ENG"]
[BlackCountry "MAS"]
[WhiteElo "1690"]
[WhiteRD "65"]
[BlackElo "1329"]
[BlackRD "44"]
[GameID "343661"]

1. e4 e5 2. Nf3 d6 3. Bc4 h6 4. d4 exd4 5. Nxd4 Nf6 6. Qf3 Bg4 7. Qb3 Qc8 8. Bxf7+ Kd8 9. f3 Bd7 10. O-O Nc6
11. Nxc6+ bxc6 12. c4 Be7 13. c5 dxc5 14. Rd1 Rb8 15. Qc4 Ne8 16. e5 Rf8 17. Be6 Nd6 18. exd6 cxd6 19. Bxd7 Qxd7 20. Nc3 Qf5
21. Ne4 d5 22. Qa4 Kc7 23. Qa5+ Kc8 24. Nxc5 Bxc5+ 25. Qxc5 Qe5 26. Qxc6+ Qc7 27. Qxd5 Qe7 28. b3 Rd8 29. Qc6+ Qc7 30. Rxd8+ Kxd8
31. Qxc7+ Kxc7 32. Bf4+ Kc8 33. Bxb8 Kxb8 34. Re1 Kc8 35. Re7 Kd8 36. Rxg7 Kc8 37. f4 Kd8 38. Rg8+ Ke7 39. f5 Kf7 40. Rg6 h5
41. a4 Ke7 42. a5 Kf7 43. Rh6 Kg7 44. Rc6 Kh7 45. b4 Kg7 46. f6+ Kf7 47. b5 Ke8 48. Rc7 Kf8 49. b6 axb6 50. axb6
1-0

[Event "Yeaaaah - it's a Ballroom Blitz!!! :-) (no.3)"]
[Site "SchemingMind.com"]
[Date "2013.12.13"]
[Round "-"]
[White "bobbassbone"]
[Black "MazetaFighter"]
[Result "0-1"]
[WhiteCountry "ENG"]
[BlackCountry "GRE"]
[WhiteElo "1702"]
[WhiteRD "81"]
[BlackElo "2018"]
[BlackRD "71"]
[GameID "343662"]

1. d4 Nf6 2. Bf4 d5 3. e3 c5 4. c3 Nc6 5. Nf3 Qb6 6. Qc2 Bg4 7. Be2 e6 8. h3 Bf5 9. Bd3 Bxd3 10. Qxd3 Qxb2
11. O-O Qxa1 12. Qc2 Ne4 13. Nfd2 cxd4 14. Nxe4 dxe4 15. exd4 Nxd4 16. Qa4+ Nc6 17. Qc2 Rc8 18. Nd2 Nd4 19. Qa4+ b5 20. Qxd4 Qxc3
21. Qxa7 Qc6 22. Qd4 Qd5 23. Qb2 f6 24. Be3 e5 25. Rd1 Be7 26. Qb1 Qd3 27. Nxe4 Qxb1 28. Rxb1 b4 29. Kf1 Kf7 30. Ke2 Rhd8
31. Bd2 Rc2 32. Ke3 f5
0-1

[Event "Yeaaaah - it's a Ballroom Blitz!!! :-) (no.3)"]
[Site "SchemingMind.com"]
[Date "2013.12.13"]
[Round "-"]
[White "alexyongpohweng"]
[Black "APB"]
[Result "0-1"]
[WhiteCountry "MAS"]
[BlackCountry "ENG"]
[WhiteElo "1329"]
[WhiteRD "44"]
[BlackElo "1690"]
[BlackRD "65"]
[GameID "343666"]

1. e4 c5 2. Bc4 e6 3. Nf3 Nf6 4. d3 d5 5. exd5 exd5 6. Bb5+ Bd7 7. Bxd7+ Nbxd7 8. O-O Be7 9. Bg5 O-O 10. c4 d4
11. Bxf6 Bxf6 12. Na3 a6 13. h3 Ne5 14. Nxe5 Bxe5 15. f4 Bd6 16. g3 Qf6 17. Qf3 b6 18. Nc2 Qh6 19. h4 Qe6 20. Rfe1 Qd7
21. g4 Qc7 22. f5 Bg3 23. Rf1 Bxh4 24. Ne1 Rfe8 25. Ng2 Bg5 26. b3 Rf8 27. Rfe1 Bd2 28. Re2 Bc3 29. Rb1 b5 30. cxb5 axb5
31. Rc1 Ba5 32. Rec2 Bb6 33. Ra1 Qd6 34. Nf4 g6 35. fxg6 fxg6 36. a3 Rae8 37. Rf2 Re3 38. Qg2 Rxf4 39. Rxf4 Qxf4 40. Rf1 Qb8
41. Qd5+ Kg7 42. Qd7+ Kh6 43. Qxb5 Qg3+ 44. Kh1 Re2
0-1

[Event "Yeaaaah - it's a Ballroom Blitz!!! :-) (no.3)"]
[Site "SchemingMind.com"]
[Date "2013.12.13"]
[Round "-"]
[White "MazetaFighter"]
[Black "bobbassbone"]
[Result "1-0"]
[WhiteCountry "GRE"]
[BlackCountry "ENG"]
[WhiteElo "2018"]
[WhiteRD "71"]
[BlackElo "1702"]
[BlackRD "81"]
[GameID "343667"]

1. e4 c6 2. d4 d5 3. Nc3 dxe4 4. Nxe4 Bf5 5. Ng3 Bg6 6. Nf3 h6 7. Ne5 Bh7 8. Qh5 g6 9. Qf3 f6 10. Bc4 Nd7
11. Bf7#
1-0

[Event "Yeaaaah - it's a Ballroom Blitz!!! :-) (no.3)"]
[Site "SchemingMind.com"]
[Date "2013.12.14"]
[Round "-"]
[White "littleboo"]
[Black "michel"]
[Result "0-1"]
[WhiteCountry "USA"]
[BlackCountry "CAN"]
[WhiteElo "2229"]
[WhiteRD "74"]
[BlackElo "2197"]
[BlackRD "56"]
[GameID "343737"]

1. e4 e5 2. Nc3 Nc6 3. Nf3 Nf6 4. Bb5 Bd6 5. d3 h6 6. O-O O-O 7. Be3 Re8 8. Qe2 Bf8 9. Rae1 a6 10. Bc4 b5
11. Bb3 Na5 12. d4 exd4 13. Bxd4 Nxb3 14. cxb3 Bb7 15. Qd3 d6 16. Bxf6 Qxf6 17. Nd5 Qd8 18. a3 c6 19. Nc3 a5 20. Qc2 b4
21. Ne2 Qf6 22. a4 Qg6
0-1

[Event "Yeaaaah - it's a Ballroom Blitz!!! :-) (no.3)"]
[Site "SchemingMind.com"]
[Date "2013.12.14"]
[Round "-"]
[White "Sully7"]
[Black "Scooter"]
[Result "1-0"]
[WhiteCountry "IRL"]
[BlackCountry "USA"]
[WhiteElo "1837"]
[WhiteRD "76"]
[BlackElo "1727"]
[BlackRD "49"]
[GameID "343738"]

1. e4 c6 2. d4 d5 3. e5 Bf5 4. Nf3 e6 5. Nc3 Bb4 6. Bd3 Bxc3+ 7. bxc3 Ne7 8. Ba3 O-O 9. Bxf5 exf5 10. O-O Re8
11. Re1 Nd7 12. Rb1 Nb6 13. e6 f6 14. Nd2 Ng6 15. Qh5 Qc8 16. Qxf5 Ne7 17. Qh5 Ng6 18. Re3 Rxe6 19. Rh3 Qe8 20. Qxh7+ Kf7
21. Rg3 Re1+ 22. Nf1
1-0

[Event "Yeaaaah - it's a Ballroom Blitz!!! :-) (no.3)"]
[Site "SchemingMind.com"]
[Date "2013.12.15"]
[Round "-"]
[White "michel"]
[Black "littleboo"]
[Result "1-0"]
[WhiteCountry "CAN"]
[BlackCountry "USA"]
[WhiteElo "2197"]
[WhiteRD "56"]
[BlackElo "2229"]
[BlackRD "74"]
[GameID "343740"]

1. e4 c5 2. Nf3 Nc6 3. Bb5 Nf6 4. Bxc6 dxc6 5. d3 Bg4 6. h3 Bh5 7. g4 Bg6 8. Nbd2 Nd7 9. Nc4 f6 10. Bd2 e5
11. Qe2 b5 12. Ne3 c4 13. Nf5 Bf7 14. d4 g6 15. dxe5 c3 16. Bxc3 Bc5 17. e6 Bxe6 18. Ng7+ Kf7 19. Nxe6 Kxe6 20. e5 Re8
21. O-O-O
1-0